000 00767nam a22002417a 4500
999 _c15523
_d15523
003 MIRAKIL
005 20240301101130.0
008 240301b tu ||||| |||| 00| 0 tur d
020 _a9786052603833
040 _aTR-AnCHP
_cTR-AnCHP
041 _atur
082 _aCHP 180.9
_bS81m 2022
090 _aCHP 180.9 S81m 2022
100 _aSubaşı, İsmail Doğan
245 1 0 _aMahalle deyip geçme /
_cİsmail Doğan Subaşı.
250 _a1. bs.
260 _a İstanbul :
_bNotaBene yayınları ;
_c2022.
300 _a184 s. :
_bfoto., hrt.;
_c20 cm.
650 0 _9771
_aSeçimler
_zTürkiye
650 0 _9804
_aSiyasi partiler
_xCHP
_zTürkiye
856 _zDijital Nüshası için Partimizin Kütüphane Sorumlusu ile iletişime geçiniz.
942 _2ddc
_cBKS